[Event "28th WSCC2018 - Open 65+"]
[Site "Bled"]
[Date "2018.11.26"]
[Round "8.1"]
[White "Jansa, Vlastimil"]
[Black "Rashkovsky, Nukhim N"]
[Result "1/2-1/2"]
[WhiteElo "2437"]
[BlackElo "2482"]
[PlyCount "46"]
[EventDate "2018.11.18"]

1. e4 c5 2. Nf3 d6 3. d4 cxd4 4. Nxd4 Nf6 5. Nc3 a6 6. Be2 e5 7. Nb3 Be7 8. O-O
O-O 9. Kh1 b6 10. Bg5 Nbd7 11. Nd5 Bb7 12. Nxe7+ Qxe7 13. f3 h6 14. Bh4 g5 15.
Bf2 d5 16. exd5 Nxd5 17. Re1 Rfd8 18. Bf1 Nf4 19. Qc1 Rac8 20. c3 a5 21. Qc2
Qf6 22. Rad1 h5 23. Nd2 Nc5 1/2-1/2

[Event "28th WSCC2018 - Open 65+"]
[Site "Bled"]
[Date "2018.11.26"]
[Round "8.2"]
[White "Balashov, Yuri S"]
[Black "Vaisser, Anatoli"]
[Result "1-0"]
[WhiteElo "2445"]
[BlackElo "2504"]
[PlyCount "113"]
[EventDate "2018.11.18"]

1. d4 f5 2. g3 Nf6 3. Bg2 e6 4. Nf3 d5 5. O-O Bd6 6. c4 O-O 7. b3 b6 8. Nc3 c6
9. Ne5 Bb7 10. cxd5 exd5 11. Qc2 Qe7 12. Bf4 Nh5 13. Rad1 Nxf4 14. gxf4 Qh4 15.
e3 Na6 16. Ne2 Rac8 17. Ng3 g6 18. Qb2 Qe7 19. Rfe1 Nc7 20. Re2 Bxe5 21. dxe5
Ne6 22. Ree1 g5 23. fxg5 f4 24. Nh5 Qxg5 25. Nxf4 Nxf4 26. exf4 Rxf4 27. Rd3
Rg4 28. Rg3 Rxg3 29. hxg3 Re8 30. b4 h5 31. Re3 Qg4 32. Bf3 Qg5 33. Qd4 Kg7 34.
Be2 Bc8 35. b5 c5 36. Qxd5 Be6 37. Qc6 Bf7 38. f4 Qg6 39. Qxg6+ Bxg6 40. Ra3
Re7 41. Kf2 Kh6 42. Ke3 Bf5 43. Bd3 Kg6 44. Be4 c4 45. Rc3 Rc7 46. a4 Rc8 47.
Bd5 Rd8 48. Bxc4 Rc8 49. Kd2 Rd8+ 50. Bd3 Bxd3 51. Rxd3 Rg8 52. Rd6+ Kf5 53.
Rf6+ Kg4 54. f5 Re8 55. e6 Kxg3 56. Ke3 Kg4 57. Ke4 1-0

[Event "28th WSCC2018 - Open 65+"]
[Site "Bled"]
[Date "2018.11.26"]
[Round "8.3"]
[White "Maryasin, Boris"]
[Black "Birnboim, Nathan"]
[Result "1/2-1/2"]
[WhiteElo "2284"]
[BlackElo "2376"]
[PlyCount "102"]
[EventDate "2018.11.18"]

1. e4 c5 2. Nf3 d6 3. d4 cxd4 4. Nxd4 Nf6 5. Nc3 g6 6. Be2 Bg7 7. O-O O-O 8.
Bg5 Nc6 9. Nb3 a5 10. a4 Be6 11. f4 Nb4 12. Nd4 Bg4 13. Ndb5 Bxe2 14. Qxe2 d5
15. e5 Qb6+ 16. Kh1 d4 17. Na2 Nxa2 18. Rxa2 Nd5 19. f5 gxf5 20. Ra3 f6 21.
exf6 exf6 22. Bd2 Rf7 23. Rh3 Rd8 24. Rxf5 Ne7 25. Rfh5 Qc6 26. Qd3 f5 27. Rxh7
Qe4 28. R7h4 Qxd3 29. Rxd3 Nc6 30. c3 Re8 31. Nd6 Re4 32. Rh5 dxc3 33. bxc3
Rxa4 34. g3 Rd7 35. Rxf5 Ra1+ 36. Kg2 a4 37. Rf4 b5 38. Re4 Ne5 39. Rd5 a3 40.
Bf4 a2 41. Bxe5 Rg1+ 42. Kh3 a1=Q 43. Bxg7 Rxg7 44. Re8+ Kh7 45. Rh5+ Kg6 46.
Ree5 Qf1+ 47. Kh4 Qf6+ 48. Reg5+ Qxg5+ 49. Rxg5+ Kh7 50. Rxb5 Rg2 51. Kh3 Rc2
1/2-1/2

[Event "28th WSCC2018 - Open 65+"]
[Site "Bled"]
[Date "2018.11.26"]
[Round "8.4"]
[White "Pritchett, Craig W"]
[Black "Frick, Christoph"]
[Result "1/2-1/2"]
[WhiteElo "2286"]
[BlackElo "2186"]
[PlyCount "105"]
[EventDate "2018.11.18"]

1. e4 c6 2. d4 d5 3. e5 Bf5 4. Nf3 e6 5. Be2 c5 6. O-O cxd4 7. Nxd4 Ne7 8. Nxf5
Nxf5 9. Bd3 g6 10. Qg4 h5 11. Qe2 Nc6 12. Nd2 Qc7 13. Nf3 Bg7 14. Bf4 O-O-O 15.
Rfe1 Kb8 16. c3 Rc8 17. Rad1 Rhd8 18. h3 Nce7 19. g4 hxg4 20. hxg4 Nh6 21. Nd4
a6 22. Kg2 Nc6 23. Rh1 Rh8 24. Rde1 Ng8 25. Rxh8 Bxh8 26. Bg3 Nge7 27. Nf3 Bg7
28. Ng5 Rf8 29. f4 Nc8 30. f5 gxf5 31. gxf5 Bh6 32. Qh5 Bxg5 33. Qxg5 Qd8 34.
Qxd8 Rxd8 35. Rh1 d4 36. Rd1 N8e7 37. fxe6 fxe6 38. c4 Rg8 39. Kf3 Rg5 40. Bf4
Rh5 41. Kg4 Rh8 42. Be4 Rg8+ 43. Kf3 Kc8 44. a3 a5 45. b4 axb4 46. axb4 Rf8 47.
Bxc6 Nxc6 48. b5 Nxe5+ 49. Ke4 Nd7 50. Bd6 Rh8 51. Kxd4 Rh4+ 52. Kc3 Nb6 53.
Rd4 1/2-1/2

[Event "28th WSCC2018 - Open 65+"]
[Site "Bled"]
[Date "2018.11.26"]
[Round "8.5"]
[White "Shevelev, Arkady"]
[Black "Sveshnikov, Evgeny"]
[Result "1/2-1/2"]
[WhiteElo "2278"]
[BlackElo "2496"]
[PlyCount "66"]
[EventDate "2018.11.18"]

1. e4 c5 2. Nf3 Nc6 3. d4 cxd4 4. Nxd4 e5 5. Nf3 Nf6 6. Nc3 Bb4 7. Bc4 O-O 8.
O-O Bxc3 9. bxc3 d6 10. Qd3 Na5 11. Bb3 b6 12. Ba3 Nb7 13. Rad1 Bg4 14. Rfe1
Qc8 15. h3 Bh5 16. Qe3 Rd8 17. Bd5 Nxd5 18. Rxd5 Bxf3 19. Qxf3 Qc4 20. Qd3 Rac8
21. Rd1 Qxd3 22. R1xd3 g6 23. Kf1 Rc4 24. f3 Ra4 25. Bxd6 Rxd6 26. Rxd6 Nxd6
27. Rxd6 Rxa2 28. Rd2 a5 29. Ke2 Kg7 30. c4 a4 31. Kd3 Ra3+ 32. c3 Ra1 33. c5
bxc5 1/2-1/2

[Event "28th WSCC2018 - Open 65+"]
[Site "Bled"]
[Date "2018.11.26"]
[Round "8.6"]
[White "Tunik, Gennady"]
[Black "Werner, Clemens"]
[Result "1/2-1/2"]
[WhiteElo "2365"]
[BlackElo "2266"]
[PlyCount "70"]
[EventDate "2018.11.18"]

1. d4 Nf6 2. c4 d6 3. Nf3 g6 4. Nc3 Bg7 5. e4 O-O 6. Be2 e5 7. Be3 exd4 8. Nxd4
Re8 9. f3 c6 10. Bf2 d5 11. exd5 cxd5 12. O-O Nc6 13. c5 Nh5 14. Qd2 Be5 15. g3
Ng7 16. Rfe1 Nf5 17. Nxf5 Bxf5 18. Rad1 d4 19. Nb5 Qe7 20. f4 a6 21. Na3 Bc7
22. b4 Qf8 23. Bf3 h5 24. Nc4 Bg4 25. Bxg4 hxg4 26. f5 Rxe1+ 27. Rxe1 Re8 28.
Rxe8 Qxe8 29. fxg6 fxg6 30. Qd3 Kh7 31. a3 Qe6 32. Nd2 Qf5 33. Qe4 Qxe4 34.
Nxe4 Kg7 35. a4 Nxb4 1/2-1/2

[Event "28th WSCC2018 - Open 65+"]
[Site "Bled"]
[Date "2018.11.26"]
[Round "8.7"]
[White "Boehnisch, Manfred"]
[Black "Vogt, Lothar"]
[Result "1/2-1/2"]
[WhiteElo "2261"]
[BlackElo "2359"]
[PlyCount "59"]
[EventDate "2018.11.18"]

1. e4 c5 2. Nf3 d6 3. Bb5+ Bd7 4. Bxd7+ Qxd7 5. O-O Nf6 6. Qe2 Nc6 7. c3 e6 8.
d4 cxd4 9. cxd4 d5 10. e5 Ne4 11. Be3 Be7 12. Ne1 f6 13. f3 Ng5 14. Bxg5 fxg5
15. Nc2 O-O 16. Nc3 a6 17. Rac1 b5 18. Qd2 Rac8 19. g3 Na5 20. Ne3 b4 21. Ne2
Nc4 22. Nxc4 dxc4 23. Qe3 h6 24. Qe4 Rfd8 25. Kg2 Qd5 26. Rfd1 a5 27. Rd2 Rd7
28. Rdc2 Kf7 29. Kh3 g6 30. Kg2 1/2-1/2

[Event "28th WSCC2018 - Open 65+"]
[Site "Bled"]
[Date "2018.11.26"]
[Round "8.8"]
[White "Renman, Nils-Gustaf"]
[Black "Barle, Janez"]
[Result "1/2-1/2"]
[WhiteElo "2351"]
[BlackElo "2259"]
[PlyCount "75"]
[EventDate "2018.11.18"]

1. d4 Nc6 2. Nf3 d5 3. e3 Bg4 4. Be2 e6 5. h3 Bh5 6. b3 Nf6 7. O-O Be7 8. c4
Ne4 9. Bb2 O-O 10. Nc3 Ba3 11. Qc1 Nxc3 12. Qxc3 Bxb2 13. Qxb2 a5 14. a3 Qe7
15. cxd5 exd5 16. Rfc1 Qd6 17. Qc3 Rfc8 18. Qc5 Qxc5 19. Rxc5 Ne7 20. g4 Bg6
21. Rac1 c6 22. Ne5 Rd8 23. Kg2 f6 24. Nxg6 hxg6 25. h4 Kf7 26. Rh1 Rh8 27. Bd3
f5 28. Kg3 Ke6 29. Rcc1 Raf8 30. f3 Rf7 31. b4 axb4 32. axb4 Ra8 33. Ra1 Raf8
34. Rhf1 Kd6 35. Kg2 Rh8 36. Kg3 Rhf8 37. Kg2 Rh8 38. Kg3 1/2-1/2

[Event "28th WSCC2018 - Open 65+"]
[Site "Bled"]
[Date "2018.11.26"]
[Round "8.9"]
[White "Lisenko, Alexander V"]
[Black "Herbrechtsmeier, Christof"]
[Result "1/2-1/2"]
[WhiteElo "2334"]
[BlackElo "2247"]
[PlyCount "111"]
[EventDate "2018.11.18"]

1. c4 Nf6 2. g3 g6 3. Bg2 d5 4. cxd5 Nxd5 5. Nc3 Nxc3 6. bxc3 Bg7 7. Rb1 Nd7 8.
c4 O-O 9. Bb2 e5 10. d3 Qe7 11. Qb3 Re8 12. Ba3 Qf6 13. e3 Bf8 14. Ne2 Bxa3 15.
Qxa3 Qe7 16. Qxe7 Rxe7 17. Nc3 c6 18. Na4 Nb6 19. Nc5 Nd7 20. Na4 Nb6 21. Nc3
Nd7 22. O-O Nf6 23. Rb3 Bf5 24. e4 Be6 25. f4 exf4 26. gxf4 Rd8 27. e5 Ne8 28.
Ne4 b6 29. Nf2 c5 30. a4 Rd4 31. a5 Rxf4 32. axb6 axb6 33. Rxb6 Bf5 34. Re1 Nc7
35. Rc6 Ne6 36. Bd5 Ra7 37. Bxe6 fxe6 38. Rxc5 Ra2 39. Rf1 Kg7 40. Rc7+ Kh6 41.
Rb7 Rf3 42. Rbb1 Rc2 43. Rbd1 Kg5 44. Ne4+ Bxe4 45. dxe4 Rxf1+ 46. Rxf1 Rxc4
47. Rf6 Rxe4 48. Rxe6 Kf5 49. Rf6+ Kxe5 50. Rf2 Rg4+ 51. Kh1 h5 52. h3 Rg3 53.
Kh2 h4 54. Ra2 Rd3 55. Ra5+ Kf4 56. Ra4+ 1/2-1/2

[Event "28th WSCC2018 - Open 65+"]
[Site "Bled"]
[Date "2018.11.26"]
[Round "8.10"]
[White "Lind, Jan-Olov"]
[Black "Pushkov, Nikolai"]
[Result "1/2-1/2"]
[WhiteElo "2215"]
[BlackElo "2324"]
[PlyCount "95"]
[EventDate "2018.11.18"]

1. e4 e6 2. d3 c5 3. g3 d5 4. Nd2 g6 5. Bg2 Bg7 6. Ngf3 Ne7 7. O-O Nbc6 8. Re1
O-O 9. c3 b6 10. e5 a5 11. Nf1 b5 12. Bf4 d4 13. cxd4 cxd4 14. Qd2 Bb7 15. Bh6
Bxh6 16. Qxh6 Nf5 17. Qd2 Rc8 18. Rac1 Qe7 19. h4 h5 20. N1h2 Kg7 21. Ng5 Ba8
22. Nhf3 Qb4 23. Qe2 Nce7 24. Ne4 a4 25. Nfg5 a3 26. Rb1 Nd5 27. Nf6 Nde7 28.
bxa3 Qxa3 29. Rb3 Qa5 30. Bxa8 Rxa8 31. a3 Rfc8 32. Reb1 Ra6 33. Nf3 Rac6 34.
Rxb5 Qxa3 35. Qd2 Rc1+ 36. Rxc1 Qxc1+ 37. Qxc1 Rxc1+ 38. Kg2 Rc3 39. Rb8 Rc8
40. Rb7 Nc6 41. Ne4 Re8 42. Kf1 Re7 43. Rb6 Rc7 44. Nd6 Kf8 45. Nb5 Rc8 46. Nd6
Rc7 47. Nb5 Rc8 48. Nd6 1/2-1/2

[Event "28th WSCC2018 - Open 65+"]
[Site "Bled"]
[Date "2018.11.26"]
[Round "8.11"]
[White "Kiefer, Gerhard"]
[Black "Lederman, Leon"]
[Result "0-1"]
[WhiteElo "2306"]
[BlackElo "2255"]
[PlyCount "156"]
[EventDate "2018.11.18"]

1. e4 c5 2. Nf3 d6 3. d4 cxd4 4. Nxd4 Nf6 5. Nc3 a6 6. Bg5 e6 7. f4 Qb6 8. Qd3
Nbd7 9. O-O-O Qc7 10. Bxf6 Nxf6 11. Qg3 b5 12. a3 Bb7 13. Bd3 Rd8 14. Rhe1 g6
15. f5 e5 16. Nf3 Bg7 17. fxg6 hxg6 18. Kb1 Qc5 19. Ng5 b4 20. axb4 Qxb4 21.
Ne6 Nh5 22. Nxg7+ Nxg7 23. Rf1 O-O 24. Rde1 Rb8 25. Nd1 Bc8 26. Re3 Be6 27. Qh4
Nf5 28. Rxf5 Bxf5 29. c3 Qb3 30. Bc2 Qc4 31. g4 Be6 32. Rh3 Kg7 33. Qh6+ Kf6
34. Qh4+ g5 35. Rf3+ Ke7 36. Qxg5+ Kd7 37. h3 a5 38. Qe3 Rb7 39. Kc1 Rfb8 40.
Qd3 Qa2 41. Bb1 Qa4 42. Rf2 Bc4 43. Qf3 Qa1 44. Rd2 Ba2 45. Qd3 Qxb1+ 46. Qxb1
Bxb1 47. Kxb1 Rh8 48. Rd3 Rh6 49. Rf3 Ke6 50. Ne3 f6 51. Nf5 Rhh7 52. Rd3 Rhd7
53. h4 d5 54. Re3 dxe4 55. Kc2 Rb5 56. Rxe4 Rbd5 57. Re2 Kf7 58. h5 Rd1 59. Ne3
Rg1 60. c4 Ke6 61. Rf2 Rg3 62. Re2 e4 63. h6 Ke5 64. Rh2 Rh7 65. Kd2 Kf4 66.
Nd5+ Kg5 67. Rh5+ Kg6 68. Nf4+ Kf7 69. Rxa5 Rxh6 70. Ra7+ Ke8 71. Nh5 Rxg4 72.
Ng7+ Kf8 73. Ne6+ Kg8 74. Kc3 Rh3+ 75. Kd4 Rd3+ 76. Kc5 e3 77. Ra1 e2 78. Re1
Re4 0-1

[Event "28th WSCC2018 - Open 65+"]
[Site "Bled"]
[Date "2018.11.26"]
[Round "8.12"]
[White "Harestad, Thor Geir"]
[Black "Berkovich, Mark A"]
[Result "0-1"]
[WhiteElo "2239"]
[BlackElo "2339"]
[PlyCount "46"]
[EventDate "2018.11.18"]

1. c4 Nf6 2. Nc3 e5 3. g3 c6 4. d4 exd4 5. Qxd4 Na6 6. Nf3 Bc5 7. Qe5+ Be7 8.
Bg2 O-O 9. O-O Re8 10. Qd4 Bc5 11. Qd1 d6 12. b3 Qe7 13. a3 Be6 14. Nd4 Rad8
15. Nxe6 Qxe6 16. Bb2 d5 17. cxd5 cxd5 18. Bf3 Ne4 19. b4 Bb6 20. h4 Nxg3 21.
Re1 Nf5 22. Bxd5 Qg6+ 23. Kf1 Bxf2 0-1

[Event "28th WSCC2018 - Open 65+"]
[Site "Bled"]
[Date "2018.11.26"]
[Round "8.13"]
[White "Privara, Igor"]
[Black "Shirazi, Kamran"]
[Result "1/2-1/2"]
[WhiteElo "2207"]
[BlackElo "2333"]
[PlyCount "184"]
[EventDate "2018.11.18"]

1. e4 c5 2. c3 Nf6 3. e5 Nd5 4. Nf3 d6 5. Bc4 Nb6 6. Bb3 dxe5 7. Nxe5 e6 8. O-O
Bd6 9. Qe2 O-O 10. d4 cxd4 11. cxd4 Nc6 12. Qe4 Bd7 13. Nc3 Nxe5 14. dxe5 Bc6
15. Qe2 Bc7 16. Bf4 Nd5 17. Nxd5 exd5 18. Rad1 Re8 19. Rfe1 Ba5 20. Bd2 Bb6 21.
Bc3 d4 22. Qg4 Bd7 23. Qf4 Be6 24. Bxe6 Rxe6 25. Bxd4 Qe7 26. Bc3 Re8 27. Qc4
h6 28. h3 Rc6 29. Qg4 Re6 30. Rd6 Qf8 31. Red1 Bc5 32. Rxe6 fxe6 33. Bd4 Kh8
34. Bxc5 Qxc5 35. Rd7 Qxe5 36. Rxb7 Rc8 37. Qg3 Qd4 38. Qe3 Qd1+ 39. Kh2 Qd6+
40. g3 a5 41. Rb6 Rc6 42. Rb5 Qc7 43. Re5 Ra6 44. a4 Qc8 45. Rc5 Qf8 46. Kg1
Rb6 47. Qc1 Rb8 48. Rxa5 Rc8 49. Qd2 Rd8 50. Qf4 Qe8 51. Qe4 Qf8 52. Ra6 Rd1+
53. Kg2 Rd2 54. Qe3 Rxb2 55. Rxe6 Qa8+ 56. Qe4 Qf8 57. Qe3 Qa8+ 58. Qf3 Qg8 59.
Ra6 Rb8 60. Ra7 Rf8 61. Qe4 Qa2 62. Qd4 Qg8 63. a5 Rd8 64. Rd7 Rxd7 65. Qxd7
Qa8+ 66. Kh2 Qxa5 67. Qe8+ Kh7 68. Qe4+ Kh8 69. h4 Qa2 70. Qf4 Kg8 71. g4 Qb3
72. g5 hxg5 73. hxg5 Qe6 74. Kg3 Kh7 75. Kh4 Qd5 76. f3 g6 77. Qe4 Qd6 78. f4
Qd7 79. Kg3 Qf7 80. Qe5 Qd7 81. Qf6 Qd3+ 82. Kh4 Qe4 83. Qe5 Qd3 84. Kg4 Kg8
85. Qb8+ Kg7 86. Qb7+ Kg8 87. Qf3 Qb1 88. f5 Qxf5+ 89. Qxf5 gxf5+ 90. Kxf5 Kf7
91. g6+ Kg7 92. Kg5 Kg8 1/2-1/2

[Event "28th WSCC2018 - Open 65+"]
[Site "Bled"]
[Date "2018.11.26"]
[Round "8.16"]
[White "Titz, Heimo"]
[Black "Ackermann, Hans Werner"]
[Result "0-1"]
[WhiteElo "2161"]
[BlackElo "2272"]
[PlyCount "65"]
[EventDate "2018.11.18"]

1. c4 e5 2. Nc3 d6 3. Nf3 g6 4. d4 Nd7 5. e4 Bg7 6. Be2 Ngf6 7. O-O O-O 8. Re1
Re8 9. Bf1 exd4 10. Nxd4 Ne5 11. h3 Nfd7 12. Rb1 Nc5 13. Nb3 Be6 14. Nxc5 dxc5
15. Na4 Qe7 16. Be3 b6 17. Qc2 g5 18. f3 h6 19. b3 Nc6 20. Rbd1 Be5 21. Nc3 Nb4
22. Qc1 Bxc3 23. Re2 Be5 24. f4 gxf4 25. Bxf4 Bxf4 26. Qxf4 Qg5 27. g3 Qxf4 28.
gxf4 Rad8 29. Red2 Rxd2 30. Rxd2 Nc6 31. Kg2 Rd8 32. Rxd8+ Nxd8 33. h4 0-1

[Event "28th WSCC2018 - Open 65+"]
[Site "Bled"]
[Date "2018.11.26"]
[Round "8.17"]
[White "Van Riemsdijk, Herman C"]
[Black "Malmdin, Nils-Ake"]
[Result "1/2-1/2"]
[WhiteElo "2270"]
[BlackElo "2126"]
[PlyCount "51"]
[EventDate "2018.11.18"]

1. e4 c5 2. Nf3 Nc6 3. d4 cxd4 4. Nxd4 g6 5. c4 Nf6 6. Nc3 Nxd4 7. Qxd4 d6 8.
Bg5 Bg7 9. Qd2 Qa5 10. Bd3 Be6 11. Rc1 Rc8 12. b3 h6 13. Bf4 g5 14. Nd5 Qxd2+
15. Bxd2 Nxd5 16. exd5 Bd7 17. Be3 b6 18. Ke2 f5 19. f4 g4 20. h3 h5 21. hxg4
hxg4 22. Rxh8+ Bxh8 23. Rh1 Bf6 24. Kd2 Kf7 25. a4 Kg6 26. g3 1/2-1/2

[Event "28th WSCC2018 - Open 65+"]
[Site "Bled"]
[Date "2018.11.26"]
[Round "8.18"]
[White "Cebalo, Miso"]
[Black "Gal, Moshe"]
[Result "1/2-1/2"]
[WhiteElo "2262"]
[BlackElo "2116"]
[PlyCount "105"]
[EventDate "2018.11.18"]

1. Nf3 c5 2. c4 g6 3. g3 Bg7 4. Bg2 Nc6 5. Nc3 e6 6. d3 Nge7 7. Bd2 d6 8. a3
Rb8 9. Rb1 Bd7 10. b4 b6 11. Nb5 Bc8 12. bxc5 dxc5 13. O-O O-O 14. Bc3 Bxc3 15.
Nxc3 h6 16. Qd2 Kh7 17. Qb2 Bb7 18. Rfd1 e5 19. e3 f6 20. Ne2 Nf5 21. Qc2 Qe7
22. Nd2 Nd8 23. Bxb7 Rxb7 24. Nc3 Qf7 25. Nd5 Ne7 26. Nxe7 Qxe7 27. Ne4 Rd7 28.
Nc3 Ne6 29. Nd5 Qd8 30. a4 Nc7 31. Nxc7 Qxc7 32. Qe2 Qc6 33. Ra1 Rfd8 34. a5 b5
35. cxb5 Qxb5 36. Qa2 Qa6 37. Rdc1 Qxd3 38. Rxc5 Qe4 39. Rcc1 Qf3 40. Qc4 h5
41. Rab1 e4 42. a6 Kh6 43. h4 Rd1+ 44. Rxd1 Rxd1+ 45. Rxd1 Qxd1+ 46. Kh2 Qd2
47. Kg2 f5 48. Qc8 Qb2 49. Qb7 Qg7 50. Qc8 Qf6 51. Qb7 Qg7 52. Qc8 Kh7 53. Qb7
1/2-1/2

[Event "28th WSCC2018 - Open 65+"]
[Site "Bled"]
[Date "2018.11.26"]
[Round "8.19"]
[White "Yakimenko, Alexander A"]
[Black "Baum, Bernd"]
[Result "1-0"]
[WhiteElo "2125"]
[BlackElo "2252"]
[PlyCount "79"]
[EventDate "2018.11.18"]

1. e4 c5 2. Nf3 Nc6 3. Bb5 e6 4. O-O Nge7 5. Re1 Nd4 6. Nxd4 cxd4 7. c3 Qb6 8.
a4 a6 9. Bf1 Nc6 10. Na3 Be7 11. Nc4 Qc7 12. a5 d6 13. Qa4 Bd7 14. Nb6 Rd8 15.
Nxd7 Rxd7 16. cxd4 Bf6 17. d5 Nd4 18. Bd3 O-O 19. Ra3 Nb5 20. Bxb5 axb5 21.
Qxb5 Rc8 22. Ra1 Re7 23. dxe6 Rxe6 24. d3 Re5 25. Qb4 Qc6 26. Bf4 Rc5 27. h3 g5
28. Be3 Rb5 29. Qa4 Bxb2 30. Rab1 Qa6 31. Bxg5 Rxg5 32. Rxb2 Qxd3 33. Qd7 Rf8
34. Re3 Qd1+ 35. Kh2 Qd4 36. Rb5 Rg6 37. Qxb7 Qd2 38. Rf3 Kh8 39. Rbf5 Rfg8 40.
Rg3 1-0

[Event "28th WSCC2018 - Open 65+"]
[Site "Bled"]
[Date "2018.11.26"]
[Round "8.20"]
[White "Giffard, Nicolas"]
[Black "Hartung-Nielsen, Jens"]
[Result "1/2-1/2"]
[WhiteElo "2249"]
[BlackElo "2186"]
[PlyCount "144"]
[EventDate "2018.11.18"]

1. Nf3 d5 2. e3 Nf6 3. c4 e6 4. Nc3 c5 5. cxd5 exd5 6. d4 a6 7. Be2 Nc6 8. O-O
Bd6 9. b3 O-O 10. dxc5 Bxc5 11. Bb2 Be6 12. Rc1 Ba7 13. Na4 Ne4 14. Nd4 Qd6 15.
Nxc6 bxc6 16. Qc2 Bd7 17. Rfd1 Rfe8 18. Bd4 Re6 19. Bxa7 Rxa7 20. Nc5 Rh6 21.
f4 Nxc5 22. Qxc5 Qb8 23. Rd4 Re6 24. Rb4 Qc7 25. Rb6 a5 26. Bg4 Re8 27. Bxd7
Qxd7 28. Rxc6 g6 29. Rd6 Qe7 30. Rc3 Rd7 31. Rxd7 Qxd7 32. h3 a4 33. Rd3 axb3
34. axb3 Qf5 35. Qb5 Qe4 36. Kh2 d4 37. Rxd4 Qxe3 38. Qd5 h5 39. Rb4 h4 40. Qg5
Qf2 41. f5 Qc5 42. Rxh4 Qe5+ 43. Qf4 g5 44. Qxe5 Rxe5 45. Rb4 Rxf5 46. Kg3 Kf8
47. Kg4 Rd5 48. g3 Ke7 49. Rb7+ Ke6 50. Rb6+ Ke7 51. h4 gxh4 52. gxh4 Rd1 53.
h5 Rg1+ 54. Kf5 Rf1+ 55. Ke5 f6+ 56. Kd4 Rf4+ 57. Kc3 Rh4 58. Rb5 Ke6 59. b4 f5
60. h6 f4 61. Kd4 Kd6 62. Rb6+ Kc7 63. Rf6 f3+ 64. Ke3 Rh3 65. Kf2 Kb7 66. Rf7+
Kb6 67. Rh7 Kc6 68. Rh8 Kb7 69. h7 Ka7 70. b5 Kb7 71. b6 Rh6 72. Kxf3 Rh1
1/2-1/2

[Event "28th WSCC2018 - Open 65+"]
[Site "Bled"]
[Date "2018.11.26"]
[Round "8.21"]
[White "Leskovar, Mario"]
[Black "Praznik, Anton"]
[Result "1/2-1/2"]
[WhiteElo "2242"]
[BlackElo "2104"]
[PlyCount "108"]
[EventDate "2018.11.18"]

1. b3 e5 2. Bb2 d6 3. e3 Nd7 4. d4 g6 5. dxe5 Bg7 6. Nf3 Nxe5 7. Nxe5 Bxe5 8.
Nc3 Ne7 9. Qd2 O-O 10. O-O-O Be6 11. Ne4 Bxb2+ 12. Kxb2 f6 13. Be2 a5 14. a4
Nc6 15. f4 Qe7 16. Bf3 Rae8 17. Nc3 Nb4 18. Rhe1 f5 19. Nb5 c6 20. Nxd6 Rd8 21.
Qd4 Bd5 22. Bxd5+ Nxd5 23. Nc4 b5 24. axb5 cxb5 25. Ne5 Qc7 26. Qxd5+ Rxd5 27.
Rxd5 Rc8 28. Re2 Qc3+ 29. Kb1 a4 30. Rd3 Qc5 31. Red2 axb3 32. Rxb3 b4 33. Rbd3
Qa5 34. Rd5 Qa4 35. Rd8+ Rxd8 36. Rxd8+ Kg7 37. Rd3 Qa8 38. Nf3 Qc6 39. Kb2 Qc4
40. Ne5 Qe4 41. Nf3 Qc4 42. h3 h6 43. h4 Qe4 44. Kb3 Kf8 45. Rd4 Qxe3+ 46. Kxb4
Qf2 47. c4 Qxg2 48. Ne5 g5 49. fxg5 hxg5 50. hxg5 Qxg5 51. c5 Qe3 52. Nd7+ Ke7
53. Kc4 Qxd4+ 54. Kxd4 Kxd7 1/2-1/2

[Event "28th WSCC2018 - Open 65+"]
[Site "Bled"]
[Date "2018.11.26"]
[Round "8.22"]
[White "Zhelesny, Stanislav"]
[Black "Rovira Mas, Jorge"]
[Result "1/2-1/2"]
[WhiteElo "2079"]
[BlackElo "2290"]
[PlyCount "21"]
[EventDate "2018.11.18"]

1. Nf3 Nf6 2. g3 d5 3. Bg2 Bf5 4. c3 e6 5. O-O h6 6. Qb3 Qc8 7. c4 c6 8. d3 Be7
9. Nc3 O-O 10. Nd4 Bg6 11. cxd5 1/2-1/2

[Event "28th WSCC2018 - Open 65+"]
[Site "Bled"]
[Date "2018.11.26"]
[Round "8.23"]
[White "Rooze, Jan"]
[Black "Tsynman, Boris"]
[Result "1-0"]
[WhiteElo "2288"]
[BlackElo "2074"]
[PlyCount "46"]
[EventDate "2018.11.18"]

1. e4 c5 2. Nf3 d6 3. Bb5+ Bd7 4. Bxd7+ Qxd7 5. c4 g6 6. d4 cxd4 7. Nxd4 Nf6 8.
Nc3 Bg7 9. b3 Nc6 10. Bb2 O-O 11. O-O a6 12. Nxc6 bxc6 13. Na4 Qc7 14. Re1 Rfd8
15. Rc1 Ne8 16. Qd2 Bxb2 17. Qxb2 c5 18. f4 Ng7 19. Nc3 Ne6 20. Nd5 Qb7 21. Qf2
Nd4 22. Qh4 f6 23. Rc3 Kg7 1-0

[Event "28th WSCC2018 - Open 65+"]
[Site "Bled"]
[Date "2018.11.26"]
[Round "8.24"]
[White "Vepkhvishvili, Varlam"]
[Black "Stepovoj, Vladimir"]
[Result "0-1"]
[WhiteElo "2073"]
[BlackElo "2261"]
[PlyCount "76"]
[EventDate "2018.11.18"]

1. d4 d5 2. c3 c5 3. Nf3 Nf6 4. e3 Nc6 5. Bd3 Bg4 6. h3 Bh5 7. Nbd2 e6 8. O-O
Bd6 9. a3 O-O 10. b4 cxd4 11. cxd4 Bg6 12. Be2 h6 13. Bb2 Nd7 14. Rc1 Qe7 15.
Nb3 Rfc8 16. Nc5 Nf6 17. Ne5 Bxe5 18. dxe5 Ne4 19. Nd3 a6 20. Kh2 f6 21. Nf4
Bf7 22. f3 Ng5 23. exf6 gxf6 24. h4 Nh7 25. Qe1 Ne5 26. Qg3+ Kh8 27. Nd3 Nc4
28. Bd4 Nxa3 29. Ne5 Be8 30. Ng4 Nb5 31. Nxf6 Nxf6 32. Bxb5 Bxb5 33. Qf4 Kg7
34. g4 Bxf1 35. g5 hxg5 36. hxg5 Kg6 37. Rxf1 Rc2+ 38. Kg1 Nd7 0-1

[Event "28th WSCC2018 - Open 65+"]
[Site "Bled"]
[Date "2018.11.26"]
[Round "8.25"]
[White "Karnaukh, Anatolij"]
[Black "Franzen, Jozef"]
[Result "1/2-1/2"]
[WhiteElo "2053"]
[BlackElo "2239"]
[Annotator "uporabnik"]
[PlyCount "73"]
[EventDate "2018.11.18"]

1. d4 Nf6 2. Nf3 g6 3. g3 Bg7 4. Bg2 O-O 5. O-O d6 6. Re1 Nbd7 7. e4 e5 8. c3
Re8 9. Nbd2 a5 10. a4 b6 11. Qc2 Bb7 12. h3 Qe7 13. d5 c6 14. dxc6 Bxc6 15. b3
Nc5 16. Ba3 Qb7 17. Nh2 d5 18. Bxc5 bxc5 19. exd5 Bxd5 20. Bxd5 Nxd5 21. Nc4
Qc7 22. Rad1 Rad8 23. Nf1 f5 24. Nfe3 Ne7 25. Rxd8 Rxd8 26. Rd1 f4 27. Rxd8+
Qxd8 28. Nf1 Nf5 29. Qe4 h5 30. Nxe5 fxg3 31. fxg3 Qf6 32. Qa8+ Kh7 33. Nf3
Qxc3 34. Ng5+ Kh6 35. Nf7+ Kh7 36. Ng5+ Kh6 37. Nf7+ 1/2-1/2

[Event "28th WSCC2018 - Open 65+"]
[Site "Bled"]
[Date "2018.11.26"]
[Round "8.26"]
[White "Hardicsay, Peter"]
[Black "Ofstad, Per"]
[Result "1-0"]
[WhiteElo "2223"]
[BlackElo "2064"]
[Annotator "uporabnik"]
[PlyCount "65"]
[EventDate "2018.11.18"]

1. c4 c5 2. Nf3 Nc6 3. d4 cxd4 4. Nxd4 g6 5. e4 Bg7 6. Be3 Nf6 7. Nc3 d6 8. Be2
O-O 9. O-O Bd7 10. Rc1 Nxd4 11. Bxd4 Bc6 12. f3 e6 13. Qd2 Re8 14. b4 b6 15.
Rfd1 d5 16. e5 Nd7 17. f4 Rc8 18. cxd5 exd5 19. Nb5 Bxb5 20. Bxb5 Qe7 21. Bf2
Rxc1 22. Rxc1 Rd8 23. Rc7 g5 24. Rxa7 gxf4 25. Qxf4 Qxe5 26. Qxe5 Nxe5 27. Bxb6
Rc8 28. Rc7 Rb8 29. Bc5 Bf6 30. a4 Rd8 31. Be7 Bxe7 32. Rxe7 d4 33. Rxe5 1-0

[Event "28th WSCC2018 - Open 65+"]
[Site "Bled"]
[Date "2018.11.26"]
[Round "8.27"]
[White "Furman, Boris"]
[Black "Anguera Maestro, Jaime"]
[Result "1/2-1/2"]
[WhiteElo "2206"]
[BlackElo "2072"]
[Annotator "uporabnik"]
[PlyCount "73"]
[EventDate "2018.11.18"]

1. d4 d5 2. c4 e6 3. Nc3 Nf6 4. Bg5 Be7 5. e3 c6 6. cxd5 exd5 7. Bd3 Ne4 8. Bf4
Bb4 9. Nge2 Nd7 10. O-O Ndf6 11. f3 Nxc3 12. bxc3 Bd6 13. e4 Bxf4 14. Nxf4 O-O
15. e5 Ne8 16. Nh5 g6 17. Ng3 f5 18. exf6 Nxf6 19. f4 Ng4 20. Qf3 Nh6 21. Rae1
Nf5 22. Nxf5 Bxf5 23. Bxf5 Rxf5 24. g4 Rf7 25. f5 Qg5 26. f6 Raf8 27. Re6 h5
28. h3 hxg4 29. Qxg4 Qxg4+ 30. hxg4 g5 31. Rf5 Kh7 32. Rxg5 Rxf6 33. Rxf6 Rxf6
34. Kg2 Rg6 35. Rh5+ Kg7 36. Kf3 Rf6+ 37. Ke3 1/2-1/2

[Event "28th WSCC2018 - Open 65+"]
[Site "Bled"]
[Date "2018.11.26"]
[Round "8.28"]
[White "Goncharov, Viktor"]
[Black "Kierzek, Matthias"]
[Result "0-1"]
[WhiteElo "2048"]
[BlackElo "2182"]
[PlyCount "56"]
[EventDate "2018.11.18"]

1. d4 d5 2. c4 c6 3. Nf3 Nf6 4. e3 Bf5 5. Nc3 e6 6. Qb3 Qc7 7. Nh4 Be4 8. f3
dxc4 9. Bxc4 Bd5 10. Nxd5 cxd5 11. Bb5+ Nc6 12. e4 Be7 13. Nf5 exf5 14. e5 Nd7
15. Qxd5 O-O 16. Be3 Nb6 17. Qb3 Rad8 18. Rc1 Nd5 19. O-O Nxe3 20. Qxe3 Qb6 21.
Bxc6 bxc6 22. Rfd1 Qxb2 23. Rxc6 Qxa2 24. Rc7 Bb4 25. Qd3 Qe6 26. Rxa7 Qxe5 27.
Kf2 Qxh2 28. Rb7 Bd6 0-1